Síntomas menopáusicos, insomnio y disfunción del dormir en afrodescendientes colombianas / (Registro nro. 6769)

Detalles MARC
000 -LEADER
fixed length control field 02432cam a2200373 i 4500
005 - DATE AND TIME OF LATEST TRANSACTION
control field 20250329170351.0
007 - PHYSICAL DESCRIPTION FIXED FIELD--GENERAL INFORMATION
fixed length control field ta
008 - FIXED-LENGTH DATA ELEMENTS--GENERAL INFORMATION
fixed length control field 211006s2021 ck bd gr 000 0dspa
015 ## - NATIONAL BIBLIOGRAPHY NUMBER
National bibliography number ck-2021-xxxx
020 ## - INTERNATIONAL STANDARD BOOK NUMBER
International Standard Book Number 978-958-5439-34-4
040 ## - CATALOGING SOURCE
Original cataloging agency CO-CtgCURN
Transcribing agency spa
-- coctgcurn
Language of cataloging eng
Description conventions rda
082 04 - DEWEY DECIMAL CLASSIFICATION NUMBER
Classification number 616.849
Item number M778
Edition information 23
100 1# - MAIN ENTRY--PERSONAL NAME
Personal name Monterrosa Castro, Alvaro de Jesús,
Dates associated with a name 1957-
Relator term author.
Relationship aut
245 10 - TITLE STATEMENT
Title Síntomas menopáusicos, insomnio y disfunción del dormir en afrodescendientes colombianas /
Statement of responsibility, etc. Álvaro Monterrosa-Castro, Sally Carolina Parra-Almeida.
250 ## - EDITION STATEMENT
Edition statement Primera edición.
260 #1 - PUBLICATION, DISTRIBUTION, ETC.
Place of publication, distribution, etc. Cartagena de Indias : :
Name of publisher, distributor, etc. Universidad de Cartagena,,
Date of publication, distribution, etc. 2021.
300 ## - PHYSICAL DESCRIPTION
Extent 202 páginas :
Other physical details diagramas, mapas blanco y negro ;
Dimensions 23 cm.
336 ## - CONTENT TYPE
Content type term text
Content type code txt
Source rdacontent
337 ## - MEDIA TYPE
Media type term unmediated
Media type code n
Source rdamedia
338 ## - CARRIER TYPE
Carrier type term volume
Carrier type code nc
Source rdacarrier
500 ## - GENERAL NOTE
General note Incluye datos curriculares de los autores.
500 ## - GENERAL NOTE
General note Incluye glosario.
504 ## - BIBLIOGRAPHY, ETC. NOTE
Bibliography, etc. note Incluye referencias bibliográficas (p. 187-202)
520 8# - SUMMARY, ETC.
Summary, etc. "es producto del proyecto de investigación CAVIMEC [Calidad de vida en la menopausia y etnias colombianas] y del proyecto de investigación MORFEN [Calidad del dormir de las mujeres colombianas]. El libro posee contenidos conceptuales, metodológicos, y análisis estadísticos derivados del proyecto de investigación Oleadas de calor, insomnio y somnolencia diurnas en mujeres climatéricas, así como de su brazo de estudio Mujeres negras del Urabá antioqueño colombiano. Recoge aspectos formativos de la integrante del semillero, doctora Sally Carolina Parra Almeida, al cursar estudios para obtener título de Magister en Epidemiología. Estudios que ella realizó dentro del plan de fomento y apoyo del Grupo de Investigación Salud de la Mujer para que los integrantes del semillero FEM-SALUD cursen estudios superiores."
650 14 - SUBJECT ADDED ENTRY--TOPICAL TERM
Topical term or geographic name entry element Trastornos del sueño
General subdivision Investigaciones
Geographic subdivision Urabá (Antioquia)
650 24 - SUBJECT ADDED ENTRY--TOPICAL TERM
Topical term or geographic name entry element Insomnio
General subdivision Investigaciones
Geographic subdivision Urabá (Antioquia)
650 24 - SUBJECT ADDED ENTRY--TOPICAL TERM
Topical term or geographic name entry element Menopausia
General subdivision Investigaciones
Geographic subdivision Urabá (Antioquia)
650 24 - SUBJECT ADDED ENTRY--TOPICAL TERM
Topical term or geographic name entry element Afrodescendientes
General subdivision Investigaciones
Geographic subdivision Urabá (Antioquia)
650 24 - SUBJECT ADDED ENTRY--TOPICAL TERM
Topical term or geographic name entry element Salud y raza
General subdivision Investigaciones
Geographic subdivision Urabá (Antioquia)
700 1# - ADDED ENTRY--PERSONAL NAME
Personal name Parra Almeida, Sally Carolina.
942 ## - ADDED ENTRY ELEMENTS (KOHA)
Institution code [OBSOLETE] CTGSALUD
-- CTGSALUD
Institution code [OBSOLETE] CCF
Source of classification or shelving scheme Dewey Decimal Classification
Classification part 616.849
Item part M778
Existencias
Withdrawn status Lost status Source of classification or shelving scheme Damaged status Not for loan Collection Home library Current library Shelving location Date acquired Cost, normal purchase price Inventory number Total checkouts Full call number Barcode Date last seen Copy number Price effective from Koha item type Public note
    Dewey Decimal Classification     Cartagena Miguel Henríquez Emiliani Miguel Henríquez Emiliani Cartagena 03/29/2025 45000.00 024676   616.849 M778 024676 03/29/2025 ej.1 03/29/2025 Cartagena 610-CIENME
    Dewey Decimal Classification     Cartagena Miguel Henríquez Emiliani Miguel Henríquez Emiliani Cartagena 03/29/2025 45000.00 024971   616.849 M778 024971 03/29/2025 ej.2 03/29/2025 Cartagena 610-CIENME